000 01004nam a22002417a 4500
999 _c65865
_d65865
005 20240530110847.0
008 200912s2019 ua a f b 000 0dara d
017 _a2019/17610
_bمصر. دار الكتب
020 _a9789772787593
040 _aEG-CaGPL
_cEG-CaGPL
082 0 4 _221
_a956.513\
_bم ل
100 0 _aمحمد هلال افندى
245 1 0 _aلقاطات الذهب فى اثار العرب :
_bسنجق الزور /
_cمحمد هلال افندى ؛ ترجمة وتحقيق احمد السلامة القيسى
250 _aط.1
260 _aالقاهرة :
_bدار السحاب للنشر والتوزيع،
_c2019
300 _a321 ص. ؛
_c24 سم.
504 _aيشتمل على ارجاعات ببليوجرافية
651 0 7 _2qrmak
_aسنجق الزور
_xتاريخ
651 0 7 _aدير الزور
_xتاريخ
700 0 _aاحمد السلامة القيسى
_eمترجم ومحقق
942 _2ddc
_cBK